[Event "Nizhnij Novgorod Dubinin Memorial 22nd"]
[Site "Nizhnij Novgorod"]
[Date "2015.??.??"]
[Round "3"]
[White "Burov, Viktor"]
[Black "Usov, Daniil"]
[Result "1-0"]
[WhiteElo "1864"]
[BlackElo "1515"]
[PlyCount "57"]
[EventDate "2015.01.03"]
[EventType "swiss"]
[EventRounds "9"]
[EventCountry "RUS"]
[SourceTitle "CBM 164 Extra"]
[Source "ChessBase"]
[SourceDate "2015.03.02"]
[SourceVersion "1"]
[SourceVersionDate "2015.03.02"]
[SourceQuality "1"]

1. d4 c6 2. e4 d6 3. c4 Qc7 4. Nc3 e5 5. d5 g6 6. f4 Bg7 7. Nf3 Nd7 8. fxe5 Nxe5 9. Bf4 Bg4 10. Be2 Bxf3 11. gxf3 Rd8 12. Qd2 Ne7 13. Bg5 h6 14. Be3 f6 15. f4 Nf7 16. Bd4 a6 17. Bg4 c5 18. Bf2 f5 19. exf5 gxf5 20. Bh5 Ng8 21. 0-0-0 Nf6 22. Rde1+ Kf8 23. Bg6 Ng4 24. Bh4 Re8 25. Rxe8+ Kxe8 26. Re1+ Kf8 27. Re7 Qxe7 28. Bxe7+ Kxe7 29. Qe2+ 1-0

[Event "Nizhnij Novgorod Dubinin Memorial 22nd"]
[Site "Nizhnij Novgorod"]
[Date "2015.??.??"]
[Round "2"]
[White "Goltsev, Dmitry"]
[Black "Burov, Viktor"]
[Result "1-0"]
[WhiteElo "2111"]
[BlackElo "1864"]
[PlyCount "77"]
[EventDate "2015.01.03"]
[EventType "swiss"]
[EventRounds "9"]
[EventCountry "RUS"]
[SourceTitle "CBM 164 Extra"]
[Source "ChessBase"]
[SourceDate "2015.03.02"]
[SourceVersion "1"]
[SourceVersionDate "2015.03.02"]
[SourceQuality "1"]

1. e4 e6 2. d3 c5 3. Nf3 Nc6 4. c3 Nge7 5. Nbd2 g6 6. e5 Bg7 7. Nc4 0-0 8. d4 cxd4 9. cxd4 Nf5 10. h4 b5 11. Na3 Qb6 12. Nc2 h6 13. g4 Nfe7 14. h5 f5 15. g5 hxg5 16. h6 Bh8 17. Nxg5 Nd8 18. h7+ Kg7 19. Qd3 Nf7 20. Qh3 Bb7 21. Rh2 Rac8 22. Bd3 Rxc2 23. Bxc2 Qxd4 24. Nxf7 Kxf7 25. Qe3 Qxe3+ 26. Bxe3 Bxe5 27. Bf4 Bxb2 28. Rb1 Bc3+ 29. Bd2 Bxd2+ 30. Kxd2 Kg7 31. Rxb5 Bc6 32. Ra5 g5 33. Rxa7 Ng6 34. a4 Ra8 35. Rxa8 Bxa8 36. Kc3 Nh4 37. f4 Kxh7 38. fxg5 Kg6 39. Rxh4 1-0

[Event "Nizhnij Novgorod-ch"]
[Site "Nizhnij Novgorod"]
[Date "2014.??.??"]
[Round "5"]
[White "Hilov, Klim"]
[Black "Burov, Viktor"]
[Result "0-1"]
[WhiteElo "1315"]
[BlackElo "1833"]
[PlyCount "36"]
[EventDate "2014.03.??"]
[EventType "swiss"]
[EventRounds "9"]
[EventCountry "RUS"]
[SourceTitle "EXT 2016"]
[Source "ChessBase"]
[SourceDate "2015.10.08"]
[SourceVersion "1"]
[SourceVersionDate "2015.10.08"]
[SourceQuality "1"]

1. e4 e6 2. d4 d5 3. Nd2 Nf6 4. e5 Nfd7 5. Ndf3 c5 6. c3 Nc6 7. Be2 Qb6 8. Bd3 cxd4 9. cxd4 Nxd4 10. Nxd4 Qxd4 11. Nf3 Bb4+ 12. Bd2 Qxd3 13. Bxb4 Qe4+ 14. Kf1 Qxb4 15. a3 Qe4 16. Kg1 0-0 17. Ng5 Qxe5 18. Nf3 Qf6 0-1